000
00361nam a2200133Ia 4500
008
100328s9999 xx 000 0 und d
082
_b
67002
100
_a
दवणे प्रवीण.
245
_a
सावर रे-3.
260
_b
नवचैतन्य.
630
_a
सावर रे-3.
730
_a
सावर रे-3.
942
_c
BOOK
999
_c
552741
_d
552738